000 00847nam a2200265Ia 4500
003 OSt
005 20220930061956.0
006 a|||||r|||| 00| 0
007 ta
008 220926b |||||||| |||| 00| 0 eng d
024 _a461
037 _cTheses
040 _aCRL
_cCRL
_beng
041 _2eng
_aeng
100 _aBharadvaja Meena
_9520123
110 _aUniversity of Delhi. Faculty of Social Sciences. Department of African Studies
_9519560
245 0 _aEuropean imperialism in Africa 1884-1914
260 _c1983
300 _a527p.
_ap.
_ccm.
650 _aAFRICA - HISTORY
700 _a Prof Daleep Singh Supervisor
_9520124
700 _aUniversity of Delhi. Faculty of Social Sciences. Department of African Studies
_9519562
942 _cDIS
_2CC
999 _c854882
_d854882